Eniten lihaa tuottavat kunnat Suomessa - Statistics

Yleistilastot
  • Tätä visaa on pelattu 50 kertaa
    6 viimeisimmän päivityksen jälkeen
  • Keskiarvotulos 12 / 20
Vastaustilastot
Maakunta Kunta Lihantuotanto (milj. kg) % Oikein
Etelä-Pohjanmaa Kauhava 4,66
100%
Etelä-Pohjanmaa Kurikka 6,51
100%
Etelä-Pohjanmaa Seinäjoki 13,2
100%
Satakunta Huittinen 12,5
75%
Etelä-Pohjanmaa Ilmajoki 10,2
75%
Pohjanmaa Kruunupyy 3,89
75%
Etelä-Pohjanmaa Lapua 4,50
75%
Varsinais-Suomi Loimaa 11,9
75%
Varsinais-Suomi Pöytyä 5,01
75%
Pohjanmaa Uusikaarlepyy 13,0
75%
Pohjanmaa Vöyri 9,51
75%
Etelä-Pohjanmaa Alavus 4,04
50%
Pohjois-Pohjanmaa Kalajoki 4,92
50%
Pohjois-Savo Kiuruvesi 3,40
50%
Pirkanmaa Sastamala 4,91
50%
Varsinais-Suomi Somero 3,81
50%
Uusimaa Lapinjärvi 4,31
25%
Pirkanmaa Punkalaidun 3,64
25%
Varsinais-Suomi Vehmaa 4,42
25%
Pohjois-Pohjanmaa Siikajoki 3,05
0%
Ehtoja vastaavia visoja ei löytynyt
Tulosjakauma
Jokaisen tuloksen saaneiden osuus
Persentiili vastausten määrän mukaan
Tuloshistoriasi
Et ole pelannut tätä visaa sen viimeisimmän päivityksen jälkeen